000 00377nam a2200157Ia 4500
005 20250411063342.0
008 240331s9999 xx 000 0 und d
020 _a9559507109
082 _bNAN
_a891
100 _aNandamithra,A
245 0 _aPunchi kumarihami
260 _aPannipitiya
_bPublished by author
_c1990
300 _a112 p .,
650 _aShort Story
942 _cL
999 _c4784
_d4784